Name the Backstreet Boys - Statistics

General Stats
  • This quiz has been taken 94 times
  • The average score is 5 of 5
Answer Stats
Hint Answer % Correct
Aaron's older borther Nick Carter
100%
The "Bad-Boy" born in 1978 AJ McLean
96%
Father to country singer, Baylee-of the same last name, and cousin to another member Brian Littrell
96%
Half Puerto-Rican and the youngest of 5 siblings Howie Dorough
96%
The oldest Backstreet Boy and cousin to another member Kevin Richardson
94%
No matching quizzes found
Score Distribution
Percent of People with Each Score
Percentile by Number Answered
Your Score History
You have not taken this quiz